000 00527nam a2200181 i 4500
001 64905
003 ES-MaACL
005 20230906165241.0
007 t|
008 040107s1934 fr f |||| | fre d
080 _a640.43(443.61 P.)(091)
100 1 _aFosca, François.
_951889
245 1 0 _aHistoire des cafés de Paris /
_cpar François Fosca.
260 _aParis :
_b[s.n.],
_c1934 (
_eMesnil :
_fFirmin Didot)
300 _a215 p., 12 lám. ;
_c19 cm.
650 0 4 _aCafés-
_zParís.
_910662
852 _aES-MaACL
_jA-3626
999 _c64905
_d64905